[Event "DM 2021 Basis G7"]
[Site "Svendborg"]
[Date "2021.10.18"]
[Round "1.1"]
[White "Gregor, Bjarke"]
[Black "Hansen, Martin"]
[Result "1-0"]
[WhiteElo "2071"]
[BlackElo "1711"]
[PlyCount "43"]
[EventDate "2021.10.18"]
[EventType "swiss"]
[EventRounds "7"]
[EventCountry "DEN"]

1. e4 e6 2. d4 d5 3. Nc3 Bb4 4. e5 c5 5. a3 Bxc3+ 6. bxc3 Ne7 7. Qg4 cxd4 8.
cxd4 Nbc6 9. Bd3 h5 10. Qf4 Ng6 11. Bxg6 fxg6 12. Nf3 Rf8 13. Qg3 Rxf3 14. gxf3
Nxd4 15. Qxg6+ Kf8 16. Qxh5 Nxc2+ 17. Kd1 Qc7 18. Rg1 Kg8 19. Qe8+ Kh7 20. Qg6+
Kh8 21. Qxc2 Qxe5 22. Bb2 1-0

[Event "DM 2021 Basis G7"]
[Site "Svendborg"]
[Date "2021.10.18"]
[Round "1.2"]
[White "Kaergaard, Sissel"]
[Black "Andersen, Rune Egede"]
[Result "0-1"]
[WhiteElo "1666"]
[BlackElo "1999"]
[PlyCount "68"]
[EventDate "2021.10.18"]
[EventType "swiss"]
[EventRounds "7"]
[EventCountry "DEN"]

1. d4 d5 2. c4 dxc4 3. Nc3 a6 4. e4 b5 5. a3 Bb7 6. Nf3 e6 7. Be2 Be7 8. O-O
Nf6 9. Qc2 Nbd7 10. h3 c5 11. dxc5 Qc7 12. Be3 Bxc5 13. Bxc5 Qxc5 14. Rad1 O-O
15. Rd2 Ne5 16. Nxe5 Qxe5 17. Bf3 Rfd8 18. Rfd1 Rxd2 19. Qxd2 h6 20. Qe3 Re8
21. Qb6 Qb8 22. Qe3 Rd8 23. Rxd8+ Qxd8 24. e5 Nd5 25. Qd2 Qa8 26. Qd4 Nxc3 27.
Qxc3 Bxf3 28. Qxf3 Qxf3 29. gxf3 Kf8 30. Kf1 Ke7 31. Ke2 Kd7 32. Kd2 Kc6 33.
Kc3 Kc5 34. f4 a5 0-1

[Event "DM 2021 Basis G7"]
[Site "Svendborg"]
[Date "2021.10.18"]
[Round "1.3"]
[White "Svendsen, Peter Willer"]
[Black "Haagen Larsen, Hans"]
[Result "1-0"]
[WhiteElo "1954"]
[BlackElo "1655"]
[PlyCount "54"]
[EventDate "2021.10.18"]
[EventType "swiss"]
[EventRounds "7"]
[EventCountry "DEN"]

1. e4 e6 2. d4 d5 3. exd5 exd5 4. Bd3 Bd6 5. Nf3 Nc6 6. h3 Nge7 7. O-O Be6 8.
Re1 Qd7 9. Nbd2 O-O-O 10. c4 Nf5 11. c5 Bf4 12. Nb3 Bxc1 13. Rxc1 f6 14. Qd2 g5
15. Bb5 Nfe7 16. Na5 g4 17. hxg4 Rdg8 18. Nh2 h5 19. Qe3 Bxg4 20. Qb3 Kb8 21.
Bxc6 Qxc6 22. Nxc6+ Nxc6 23. Nxg4 Rxg4 24. Qxd5 Rxd4 25. Qf7 h4 26. Re8+ Rd8
27. Rxh8 Rxh8 1-0

[Event "DM 2021 Basis G7"]
[Site "Svendborg"]
[Date "2021.10.18"]
[Round "1.4"]
[White "Gottschalck, Christian"]
[Black "Hempler, Poul"]
[Result "1-0"]
[WhiteElo "1673"]
[BlackElo "1890"]
[PlyCount "55"]
[EventDate "2021.10.18"]
[EventType "swiss"]
[EventRounds "7"]
[EventCountry "DEN"]

1. e4 c6 2. d4 d5 3. exd5 cxd5 4. Bd3 Nc6 5. c3 Qc7 6. Ne2 e5 7. dxe5 Nxe5 8.
Bc2 Bd7 9. Bf4 Bd6 10. Bg3 Nf6 11. h3 h5 12. Nd2 g5 13. Nd4 O-O-O 14. Bxe5 Bxe5
15. N2f3 Rde8 16. O-O g4 17. Nxe5 Qxe5 18. h4 Ne4 19. Qd3 f5 20. Rae1 Qf6 21.
g3 Re7 22. Qe3 Qd6 23. Bxe4 fxe4 24. Rc1 Kb8 25. Rfd1 Qb6 26. Rd2 Bc6 27. Qg5
Rf7 28. Qe5+ 1-0

[Event "DM 2021 Basis G7"]
[Site "Svendborg"]
[Date "2021.10.18"]
[Round "1.5"]
[White "Hollesen, Kurt"]
[Black "Li, Anna Sofie"]
[Result "1-0"]
[WhiteElo "1886"]
[BlackElo "1340"]
[PlyCount "141"]
[EventDate "2021.10.18"]
[EventType "swiss"]
[EventRounds "7"]
[EventCountry "DEN"]

1. e4 e6 2. d4 d5 3. Nd2 Nf6 4. Bd3 c5 5. e5 Nfd7 6. c3 Nc6 7. Ne2 Qb6 8. Nf3
Be7 9. O-O O-O 10. a3 a5 11. Rb1 cxd4 12. cxd4 f6 13. Qc2 f5 14. Nf4 Ndb8 15.
Ne2 Bd7 16. h3 Rc8 17. Qd1 Be8 18. g4 Bg6 19. gxf5 Bxf5 20. Bxf5 exf5 21. Nf4
Rd8 22. Kh1 Bxa3 23. Qd3 Bf8 24. Qxf5 Nxd4 25. Nxd4 Qxd4 26. Ne6 Qc4 27. Bg5
Re8 28. Rfc1 Qe4+ 29. Qxe4 dxe4 30. Nc7 Rxe5 31. Be3 Ra6 32. Nxa6 Nxa6 33. Rc8
Nb4 34. Rg1 Nd3 35. Rc7 Rf5 36. Rxb7 Nxf2+ 37. Bxf2 Rxf2 38. Re1 Rf4 39. Rb8
Kf7 40. Rb7+ Kf6 41. Rb6+ Kg5 42. Rb5+ Kh4 43. Kg2 Bb4 44. Re2 g5 45. Re5 g4
46. hxg4 Rxg4+ 47. Kh1 e3 48. R2xe3 h5 49. Kh2 Rc4 50. R5e4+ Rxe4 51. Rxe4+ Kg5
52. Kg3 h4+ 53. Kh3 Bd6 54. Rxh4 Be5 55. b3 Kf5 56. Kg2 Bc3 57. Kf3 Ke5 58. Ke3
Kd5 59. Kd3 Bb4 60. Rh5+ Kc6 61. Kc4 Bd6 62. Rxa5 Kb6 63. Rh5 Kc6 64. b4 Bc7
65. b5+ Kb6 66. Rh6+ Kb7 67. Kc5 Kb8 68. Kc6 Ba5 69. b6 Bc3 70. Re6 Ka8 71.
Re8# 1-0

[Event "DM 2021 Basis G7"]
[Site "Svendborg"]
[Date "2021.10.18"]
[Round "1.6"]
[White "Haarh, Simon Bjork"]
[Black "Kristiansen, Peter"]
[Result "1-0"]
[WhiteElo "1397"]
[BlackElo "1736"]
[PlyCount "73"]
[EventDate "2021.10.18"]
[EventType "swiss"]
[EventRounds "7"]
[EventCountry "DEN"]

1. e4 c6 2. d4 d5 3. e5 Bf5 4. Be2 e6 5. Nf3 Nd7 6. O-O a6 7. Nbd2 Rc8 8. Nb3
Bg6 9. Be3 Ne7 10. Rc1 Nf5 11. c4 dxc4 12. Bxc4 Nb6 13. Bd3 Nd5 14. Bg5 Be7 15.
Bxe7 Qxe7 16. Nc5 O-O 17. Bxf5 Bxf5 18. Nd2 Nb6 19. Qb3 Qc7 20. Nde4 Bxe4 21.
Nxe4 Rb8 22. Rc3 Nd5 23. Rh3 Qe7 24. Qd3 g6 25. f4 Kg7 26. f5 exf5 27. Qd2 f4
28. Rxf4 Qb4 29. Rxh7+ Kxh7 30. Rh4+ Kg8 31. Nf6+ Nxf6 32. Qxb4 Nd5 33. Qd2 f5
34. Qh6 Kf7 35. Qh7+ Ke8 36. Qxg6+ Kd7 37. Rh7+ 1-0

[Event "DM 2021 Basis G7"]
[Site "Svendborg"]
[Date "2021.10.18"]
[Round "1.7"]
[White "Hansen, Erik"]
[Black "Skarved, Mattias"]
[Result "1-0"]
[WhiteElo "1775"]
[BlackElo "1437"]
[PlyCount "63"]
[EventDate "2021.10.18"]
[EventType "swiss"]
[EventRounds "7"]
[EventCountry "DEN"]

1. e4 e5 2. Bc4 Nf6 3. d4 d6 4. dxe5 Ng4 5. Nf3 Nc6 6. O-O Ngxe5 7. Nxe5 Nxe5
8. Be2 Bd7 9. f4 Nc6 10. Nc3 a6 11. Be3 Qh4 12. Bf2 Qh6 13. Nd5 O-O-O 14. b4
Qe6 15. b5 axb5 16. Bxb5 Qxe4 17. Re1 Qf5 18. c4 Be6 19. Qa4 Bxd5 20. cxd5 Nb8
21. Rac1 Qxd5 22. Bb6 c6 23. Bxd8 Kxd8 24. Qa5+ Kd7 25. Bxc6+ bxc6 26. Qa7+ Kd8
27. Qxb8+ Kd7 28. Qb7+ Kd8 29. Rxc6 Qxc6 30. Qxc6 Be7 31. Qb6+ Kd7 32. Qb7+ 1-0

[Event "DM 2021 Basis G7"]
[Site "Svendborg"]
[Date "2021.10.18"]
[Round "1.8"]
[White "Skytte, Robert"]
[Black "Gehrig, Bruno"]
[Result "0-1"]
[WhiteElo "1247"]
[BlackElo "1690"]
[PlyCount "57"]
[EventDate "2021.10.18"]
[EventType "swiss"]
[EventRounds "7"]
[EventCountry "DEN"]

1. d4 Nf6 2. Bf4 d5 3. e3 g6 4. Nf3 Bg7 5. Be2 O-O 6. O-O c5 7. c3 Nc6 8. Ne5
Qb6 9. Qb3 c4 10. Qxb6 axb6 11. Nd2 Nd7 12. Nxc6 bxc6 13. h3 f6 14. Bf3 e5 15.
Bh2 e4 16. Be2 f5 17. Bd6 Rf7 18. Nxc4 Ba6 19. Nxb6 Nxb6 20. Rfe1 Bxe2 21. Rxe2
Nc4 22. Ba3 Rb7 23. Bb4 Bf8 24. Bxf8 Kxf8 25. b3 Rxb3 26. Rc2 Rb2 27. Rxb2 Nxb2
28. Kf1 Ra3 29. Ke2 0-1

[Event "DM 2021 Basis G7"]
[Site "Svendborg"]
[Date "2021.10.18"]
[Round "1.9"]
[White "Christensen, Michael Leon"]
[Black "Jensen, Klaus Bo"]
[Result "1-0"]
[WhiteElo "1698"]
[BlackElo "1069"]
[PlyCount "65"]
[EventDate "2021.10.18"]
[EventType "swiss"]
[EventRounds "7"]
[EventCountry "DEN"]

1. d4 d5 2. c4 Nf6 3. cxd5 e6 4. dxe6 Bxe6 5. e3 c5 6. Nf3 Nc6 7. Be2 Be7 8.
O-O a6 9. dxc5 Qxd1 10. Rxd1 Nb4 11. Na3 Bxc5 12. Bc4 Bg4 13. Bd2 Nc6 14. Rac1
Bxa3 15. bxa3 Bxf3 16. gxf3 Ne5 17. Be2 O-O 18. Rc7 Rfb8 19. f4 Ng6 20. Bf3 Ra7
21. Rb1 Ne8 22. Rcxb7 Raxb7 23. Rxb7 Rxb7 24. Bxb7 Nc7 25. Ba5 Nb5 26. a4 Nd6
27. Bxa6 Kf8 28. Bb4 Ke7 29. Bd3 Kd7 30. Kg2 h5 31. Bxg6 fxg6 32. Bxd6 Kxd6 33.
e4 1-0

[Event "DM 2021 Basis G7"]
[Site "Svendborg"]
[Date "2021.10.18"]
[Round "1.10"]
[White "Kreiman, Steffanie Riis"]
[Black "Zander, Emil"]
[Result "0-1"]
[WhiteElo "1023"]
[BlackElo "1774"]
[PlyCount "56"]
[EventDate "2021.10.18"]
[EventType "swiss"]
[EventRounds "7"]
[EventCountry "DEN"]

1. d4 Nf6 2. Nc3 d5 3. Bf4 c6 4. e3 Bf5 5. Nf3 Nbd7 6. Bd3 Bg6 7. Bxg6 hxg6 8.
Qd3 Qb6 9. Na4 Qb4+ 10. Nc3 c5 11. a3 Qxb2 12. Ra2 Qb6 13. Qb5 cxd4 14. Qxb6
Nxb6 15. Nxd4 a6 16. O-O Nc4 17. Nf3 e6 18. a4 Bb4 19. Ne2 O-O 20. h3 Ne4 21.
Rd1 f6 22. Nfd4 e5 23. Ne6 Rf7 24. Rxd5 exf4 25. Rd4 f3 26. N2f4 Nc3 27. Nd3
Ne2+ 28. Kf1 Nd2+ 0-1

[Event "DM 2021 Basis G7"]
[Site "Svendborg"]
[Date "2021.10.20"]
[Round "3.1"]
[White "Gregor, Bjarke"]
[Black "Zander, Emil"]
[Result "1/2-1/2"]
[WhiteElo "2071"]
[BlackElo "1774"]
[PlyCount "85"]
[EventDate "2021.10.18"]
[EventType "swiss"]
[EventRounds "7"]
[EventCountry "DEN"]

1. e4 c6 2. d4 d5 3. exd5 cxd5 4. Nf3 Nf6 5. Ne5 Nc6 6. Bb5 Bd7 7. Nxd7 Qxd7 8.
c3 e6 9. O-O Bd6 10. Nd2 O-O 11. Re1 Qc7 12. g3 Rac8 13. Bd3 e5 14. dxe5 Nxe5
15. Nf3 Nxd3 16. Qxd3 Bc5 17. Be3 Rfe8 18. Nd4 Re4 19. f3 Ree8 20. Kg2 h6 21.
Bf4 Qb6 22. Nb3 Red8 23. Nxc5 Rxc5 24. Re2 Rc6 25. Rae1 Rcc8 26. Be3 Qa5 27.
Qf5 Qa6 28. Bd4 Re8 29. Rxe8+ Rxe8 30. Rxe8+ Nxe8 31. Qxd5 Qe2+ 32. Kh3 Qxb2
33. Qd7 Qe2 34. Qxb7 Qe6+ 35. g4 Qxa2 36. Qe7 Qa4 37. Bc5 Qc6 38. Kg3 Nf6 39.
Qf8+ Kh7 40. Bd4 Qc7+ 41. Kg2 Kg6 42. h4 Kh7 43. Qa8 1/2-1/2

[Event "DM 2021 Basis G7"]
[Site "Svendborg"]
[Date "2021.10.20"]
[Round "3.2"]
[White "Hollesen, Kurt"]
[Black "Andersen, Rune Egede"]
[Result "1/2-1/2"]
[WhiteElo "1886"]
[BlackElo "1999"]
[PlyCount "93"]
[EventDate "2021.10.18"]
[EventType "swiss"]
[EventRounds "7"]
[EventCountry "DEN"]

1. c4 Nf6 2. Nc3 e5 3. e4 Bb4 4. Nge2 c6 5. Qb3 Na6 6. a3 Bc5 7. h3 O-O 8. d3
b5 9. Qc2 bxc4 10. dxc4 d5 11. Ng3 d4 12. Na4 Be7 13. c5 Rb8 14. b4 h6 15. Bd3
Nc7 16. O-O g5 17. Nb2 Nfe8 18. Nc4 f6 19. Qe2 Ng7 20. Nh5 Nce8 21. Kh2 Be6 22.
Nxg7 Nxg7 23. Na5 Qc7 24. Bd2 Kh7 25. g4 Bf7 26. Kg2 h5 27. Rh1 Qd7 28. f3 Kg6
29. Rad1 Rh8 30. Rdg1 Be6 31. Rh2 Rh7 32. Rgh1 Rbh8 33. Be1 hxg4 34. hxg4 Rxh2+
35. Rxh2 Rxh2+ 36. Kxh2 Bd8 37. Nc4 Bxc4 38. Bxc4 Be7 39. Kg2 a5 40. Qa2 Bf8
41. Kg3 Ne8 42. Be6 Qe7 43. Bf5+ Kg7 44. Qh2 Kg8 45. Qa2+ Kg7 46. Qh2 Kg8 47.
Qa2+ 1/2-1/2

[Event "DM 2021 Basis G7"]
[Site "Svendborg"]
[Date "2021.10.20"]
[Round "3.3"]
[White "Svendsen, Peter Willer"]
[Black "Haarh, Simon Bjork"]
[Result "1-0"]
[WhiteElo "1954"]
[BlackElo "1397"]
[PlyCount "100"]
[EventDate "2021.10.18"]
[EventType "swiss"]
[EventRounds "7"]
[EventCountry "DEN"]

1. e4 Nf6 2. Nc3 e5 3. Nf3 Nc6 4. Bc4 Nxe4 5. Bxf7+ Kxf7 6. Nxe4 d5 7. Neg5+
Kg8 8. d4 h6 9. Nh3 Bg4 10. dxe5 Nxe5 11. Nhg1 Bc5 12. Bf4 Nxf3+ 13. Nxf3 Qe7+
14. Kf1 c6 15. Qd3 Rf8 16. Re1 Qf7 17. Be3 Bd6 18. Nh4 Bh5 19. g4 Bxg4 20. Qg6
Qxg6 21. Nxg6 Bf3 22. Rg1 Bxh2 23. Nxf8 Kxf8 24. Bc5+ Kg8 25. Re8+ Kh7 26.
Rxg7+ Kxg7 27. Bd4+ Kg6 28. Rxh8 Be4 29. c3 Bd3+ 30. Kg2 Bf4 31. Bxa7 Bc1 32.
b4 Bc4 33. a4 Bb3 34. a5 Bc4 35. Be3 Bxe3 36. fxe3 h5 37. Kg3 Kf5 38. Re8 Bd3
39. Kh4 Kg6 40. Re6+ Kf5 41. Re7 Ba6 42. Kxh5 Kf6 43. Re8 Kf7 44. Rb8 Ke6 45.
Kg5 Kd6 46. Kf6 Kc7 47. Rh8 Bd3 48. Ke5 b6 49. Kd4 Be4 50. Re8 c5+ 1-0

[Event "DM 2021 Basis G7"]
[Site "Svendborg"]
[Date "2021.10.20"]
[Round "3.4"]
[White "Hansen, Martin"]
[Black "Hempler, Poul"]
[Result "0-1"]
[WhiteElo "1711"]
[BlackElo "1890"]
[PlyCount "52"]
[EventDate "2021.10.18"]
[EventType "swiss"]
[EventRounds "7"]
[EventCountry "DEN"]

1. e4 c6 2. d4 d5 3. Nc3 dxe4 4. Nxe4 Bf5 5. Ng3 Bg6 6. Nf3 e6 7. h4 h6 8. Ne5
Bh7 9. Qh5 Qc7 10. Bf4 Bxc2 11. Rc1 Bb4+ 12. Bd2 Bxd2+ 13. Kxd2 Bh7 14. Bc4 Nf6
15. Qe2 Qd6 16. Qe3 Nbd7 17. Ke2 Nd5 18. Bxd5 Qxd5 19. Nh5 Rg8 20. Nf4 Qxa2 21.
Nc4 Nb6 22. Nxe6 Nxc4 23. Nc7+ Kd7 24. Qc3 Kxc7 25. Qxc4 Qxc4+ 26. Rxc4 Rad8
0-1

[Event "DM 2021 Basis G7"]
[Site "Svendborg"]
[Date "2021.10.20"]
[Round "3.5"]
[White "Hansen, Erik"]
[Black "Haagen Larsen, Hans"]
[Result "1-0"]
[WhiteElo "1775"]
[BlackElo "1655"]
[PlyCount "47"]
[EventDate "2021.10.18"]
[EventType "swiss"]
[EventRounds "7"]
[EventCountry "DEN"]

1. e4 e6 2. d4 d5 3. e5 c5 4. c3 Ne7 5. a3 Nd7 6. Nf3 Nc6 7. Be2 Be7 8. O-O O-O
9. b4 cxd4 10. cxd4 f6 11. Bb2 fxe5 12. dxe5 Qc7 13. Qc2 Qb8 14. Bd3 Ncxe5 15.
Bxh7+ Kh8 16. Nbd2 Nxf3+ 17. Nxf3 e5 18. Qg6 Rf6 19. Qe8+ Bf8 20. Ng5 Rh6 21.
Bf5 Kg8 22. Be6+ Rxe6 23. Qxe6+ Kh8 24. Qh3+ 1-0

[Event "DM 2021 Basis G7"]
[Site "Svendborg"]
[Date "2021.10.20"]
[Round "3.6"]
[White "Kaergaard, Sissel"]
[Black "Gehrig, Bruno"]
[Result "0-1"]
[WhiteElo "1666"]
[BlackElo "1690"]
[PlyCount "128"]
[EventDate "2021.10.18"]
[EventType "swiss"]
[EventRounds "7"]
[EventCountry "DEN"]

1. d4 Nf6 2. c4 g6 3. Nc3 d5 4. cxd5 Nxd5 5. e4 Nxc3 6. bxc3 Bg7 7. Bc4 c5 8.
Ne2 Nc6 9. Be3 cxd4 10. cxd4 Qa5+ 11. Bd2 Qd8 12. Be3 O-O 13. O-O Na5 14. Bd3
Nc6 15. Bc4 Na5 16. Bd3 b6 17. Rc1 Bb7 18. Qd2 Qd7 19. Bh6 Rfd8 20. Bxg7 Kxg7
21. Rc2 Nc6 22. d5 Ne5 23. Qc3 f6 24. Nf4 Rdc8 25. Qb3 Rxc2 26. Qxc2 Rc8 27.
Ne6+ Kg8 28. Qb3 Qd6 29. Be2 Nd7 30. Qh3 Nf8 31. Bg4 f5 32. exf5 Bxd5 33. Nxf8
Rxf8 34. fxg6 Qxg6 35. Bh5 Qg5 36. Qg4 Qxg4 37. Bxg4 Rf4 38. Bh3 Bxa2 39. Ra1
Rb4 40. f3 Rb1+ 41. Rxb1 Bxb1 42. Kf2 Kf7 43. Ke3 Kf6 44. Bd7 Ke5 45. Bb5 a5
46. Kd2 Kd4 47. h4 e5 48. g4 e4 49. f4 e3+ 50. Ke2 Ke4 51. f5 Kf4 52. f6 Ba2
53. Bd7 Bc4+ 54. Ke1 Bf7 55. Ke2 h6 56. h5 Kg5 57. Kxe3 Kxf6 58. Ba4 Kg5 59.
Bd7 Bc4 60. Kd4 b5 61. Kc5 Be2 62. Kd4 b4 63. Kc5 Bxg4 64. Bc6 b3 0-1

[Event "DM 2021 Basis G7"]
[Site "Svendborg"]
[Date "2021.10.20"]
[Round "3.7"]
[White "Christensen, Michael Leon"]
[Black "Gottschalck, Christian"]
[Result "0-1"]
[WhiteElo "1698"]
[BlackElo "1673"]
[PlyCount "94"]
[EventDate "2021.10.18"]
[EventType "swiss"]
[EventRounds "7"]
[EventCountry "DEN"]

1. d4 d5 2. c4 Nc6 3. e3 Nf6 4. Nc3 e6 5. Nf3 b6 6. cxd5 exd5 7. a3 a6 8. Qa4
Bd7 9. Qb3 Na5 10. Qa2 c6 11. b4 Nb7 12. Ne5 Nd6 13. Bd3 Be7 14. e4 dxe4 15.
Nxe4 Nfxe4 16. Bxe4 Rc8 17. Qc2 Nxe4 18. Qxe4 O-O 19. Nxd7 Qxd7 20. O-O Bf6 21.
Be3 Rfe8 22. Qf4 Qd5 23. Qg4 Re6 24. Rfc1 Rce8 25. Kf1 h5 26. Qd1 h4 27. h3 Qf5
28. Kg1 Rd6 29. Qc2 Qd7 30. Rab1 Rc8 31. d5 c5 32. bxc5 bxc5 33. Qc4 Be7 34.
Bxc5 Rg6 35. Qd3 Bxc5 36. Qf3 Rf6 37. Qe2 Bxf2+ 38. Kh1 Rxc1+ 39. Rxc1 Bg3 40.
Rb1 Qxd5 41. Rd1 Qa8 42. Qe7 Kh7 43. Qc5 Rf2 44. Rg1 Qf3 45. Qc4 Qf5 46. Rd1
Rxg2 47. Rf1 Qxh3# 0-1

[Event "DM 2021 Basis G7"]
[Site "Svendborg"]
[Date "2021.10.20"]
[Round "3.8"]
[White "Li, Anna Sofie"]
[Black "Kristiansen, Peter"]
[Result "1-0"]
[WhiteElo "1340"]
[BlackElo "1736"]
[PlyCount "77"]
[EventDate "2021.10.18"]
[EventType "swiss"]
[EventRounds "7"]
[EventCountry "DEN"]

1. d4 c6 2. c4 d5 3. Nf3 Bf5 4. Nc3 e6 5. Bd2 Nf6 6. e3 Be7 7. Be2 O-O 8. O-O
Nbd7 9. Rc1 Rc8 10. Qb3 Qb6 11. Rfd1 Rfe8 12. h3 h6 13. Be1 Ne4 14. Nxe4 Bxe4
15. Nd2 Bg6 16. Bf3 Bf6 17. Qxb6 Nxb6 18. b3 Rcd8 19. Nf1 e5 20. dxe5 Bxe5 21.
cxd5 Bb2 22. Rc5 Nd7 23. Ra5 Ne5 24. Be2 a6 25. dxc6 Nxc6 26. Rad5 Rxd5 27.
Rxd5 Be4 28. Rd7 Ne5 29. Rd2 Ba3 30. Ng3 Bb1 31. Rd1 Bc2 32. Rd5 Bb1 33. Bc3
Nc6 34. Rd7 Re7 35. Rd2 Nb4 36. Bxb4 Bxb4 37. Rd4 Ba3 38. Bd3 Bb2 39. Rd8+ 1-0

[Event "DM 2021 Basis G7"]
[Site "Svendborg"]
[Date "2021.10.20"]
[Round "3.9"]
[White "Skarved, Mattias"]
[Black "Skytte, Robert"]
[Result "1-0"]
[WhiteElo "1437"]
[BlackElo "1247"]
[PlyCount "113"]
[EventDate "2021.10.18"]
[EventType "swiss"]
[EventRounds "7"]
[EventCountry "DEN"]

1. e4 c6 2. Nf3 d5 3. d3 Qb6 4. h3 g6 5. exd5 cxd5 6. d4 Nc6 7. c3 Bf5 8. Qb3
e6 9. Qxb6 axb6 10. Bb5 Bg7 11. a4 Nge7 12. Bf4 O-O 13. Bd6 Rfd8 14. Bc7 Rdc8
15. Bxb6 Bc2 16. O-O Na7 17. Bd7 Rf8 18. Bc5 Nac6 19. Bxc6 bxc6 20. Bxe7 Rfe8
21. Bd6 Rxa4 22. Rxa4 Bxa4 23. Nbd2 Rd8 24. Bc5 Rb8 25. Ra1 Bc2 26. b4 Bh6 27.
Ra6 Rc8 28. Nf1 Bd3 29. Ra7 f6 30. N1d2 Bb5 31. Nb3 Be2 32. Kh1 Bc4 33. Na5 Be2
34. Re7 Bxf3 35. gxf3 Bf8 36. Rxe6 Bxc5 37. bxc5 Kf7 38. Rxc6 Rxc6 39. Nxc6 Ke6
40. Nb4 f5 41. f4 h6 42. h4 h5 43. Kg2 Kd7 44. Nxd5 Ke6 45. c6 Kxd5 46. c7 Kc4
47. c8=Q+ Kd3 48. f3 g5 49. fxg5 f4 50. g6 Ke2 51. g7 Kd3 52. g8=Q Ke3 53.
Qge6+ Kd2 54. Qcc4 Kc1 55. Qee2 Kb1 56. Qb3+ Kc1 57. Qbd1# 1-0

[Event "DM 2021 Basis G7"]
[Site "Svendborg"]
[Date "2021.10.20"]
[Round "3.10"]
[White "Kreiman, Steffanie Riis"]
[Black "Jensen, Klaus Bo"]
[Result "0-1"]
[WhiteElo "1023"]
[BlackElo "1069"]
[PlyCount "88"]
[EventDate "2021.10.18"]
[EventType "swiss"]
[EventRounds "7"]
[EventCountry "DEN"]

1. d4 g6 2. Nf3 Bg7 3. e4 a6 4. Nc3 e6 5. Bd2 Ne7 6. Be2 b5 7. e5 Bb7 8. Bg5
O-O 9. O-O Nbc6 10. d5 Nxe5 11. Nxe5 Bxe5 12. dxe6 b4 13. exf7+ Rxf7 14. Na4 d6
15. Bc4 Bc6 16. Bxf7+ Kxf7 17. b3 Bxa1 18. Qxa1 Qh8 19. Qe1 Qe8 20. Qe2 Bb5 21.
c4 Bc6 22. Re1 Nf5 23. Qd2 Qd7 24. Qxb4 h6 25. Bf4 Nh4 26. h3 Nxg2 27. Re2 Nxf4
28. Re3 Nxh3+ 29. Kf1 Qf5 30. Qe1 Re8 31. Rxe8 Bxe8 32. Nc3 Nf4 33. Qe3 Qh3+
34. Qxh3 Nxh3 35. Nd5 c5 36. Nc7 a5 37. Na6 Kf6 38. Kg2 Nf4+ 39. Kg3 Nd3 40. f4
Kf5 41. a3 Nxf4 42. b4 axb4 43. axb4 cxb4 44. Nxb4 Bf7 0-1

[Event "DM 2021 Basis G7"]
[Site "Svendborg"]
[Date "2021.10.21"]
[Round "4.1"]
[White "Andersen, Rune Egede"]
[Black "Gregor, Bjarke"]
[Result "0-1"]
[WhiteElo "1999"]
[BlackElo "2071"]
[PlyCount "42"]
[EventDate "2021.10.18"]
[EventType "swiss"]
[EventRounds "7"]
[EventCountry "DEN"]

1. d4 Nf6 2. Nf3 e6 3. e3 b6 4. Bd3 Bb7 5. Nbd2 d5 6. O-O Nbd7 7. b3 Bd6 8. Bb2
Ne4 9. Ne5 Nxe5 10. dxe5 Bb4 11. Bxe4 dxe4 12. c3 Be7 13. Qc2 Qd5 14. Nc4 O-O-O
15. Rfd1 Qc6 16. Rxd8+ Rxd8 17. Rd1 Rd3 18. f4 Qd5 19. Rxd3
exd3 20. Qf2 Bh4 21. Qf3 Qxc4 0-1

[Event "DM 2021 Basis G7"]
[Site "Svendborg"]
[Date "2021.10.21"]
[Round "4.2"]
[White "Zander, Emil"]
[Black "Hollesen, Kurt"]
[Result "1/2-1/2"]
[WhiteElo "1774"]
[BlackElo "1886"]
[PlyCount "24"]
[EventDate "2021.10.18"]
[EventType "swiss"]
[EventRounds "7"]
[EventCountry "DEN"]

1. e4 d6 2. d4 Nc6 3. Nc3 e5 4. Nf3 exd4 5. Nxd4 Nxd4 6. Qxd4 Bd7 7. Bc4 Qf6 8.
Be3 Qxd4 9. Bxd4 Ne7 10. Nd5 Nxd5 11. Bxd5 c6 12. Bb3 Be6 1/2-1/2

[Event "DM 2021 Basis G7"]
[Site "Svendborg"]
[Date "2021.10.21"]
[Round "4.3"]
[White "Gehrig, Bruno"]
[Black "Svendsen, Peter Willer"]
[Result "1/2-1/2"]
[WhiteElo "1690"]
[BlackElo "1954"]
[PlyCount "57"]
[EventDate "2021.10.18"]
[EventType "swiss"]
[EventRounds "7"]
[EventCountry "DEN"]

1. Nf3 Nf6 2. d4 d5 3. g3 c5 4. Bg2 Nc6 5. O-O cxd4 6. Nxd4 e5 7. Nxc6 bxc6 8.
c4 Be6 9. Nc3 Qd7 10. Bg5 d4 11. Qa4 Rc8 12. Bxf6 gxf6 13. Ne4 Be7 14. c5 Bd5
15. Rac1 f5 16. Nd6+ Bxd6 17. cxd6 Bxg2 18. Kxg2 Qxd6 19. Qc4 O-O 20. b4 Rfd8
21. Rfd1 Qd5+ 22. f3 a5 23. a3 axb4 24. axb4 Rb8 25. Qxc6 Rxb4 26. Qf6 Rb2 27.
Rc7 Rxe2+ 28. Kh3 Rf2 29. Qg5+ 1/2-1/2

[Event "DM 2021 Basis G7"]
[Site "Svendborg"]
[Date "2021.10.21"]
[Round "4.4"]
[White "Hempler, Poul"]
[Black "Haarh, Simon Bjork"]
[Result "1/2-1/2"]
[WhiteElo "1890"]
[BlackElo "1397"]
[PlyCount "128"]
[EventDate "2021.10.18"]
[EventType "swiss"]
[EventRounds "7"]
[EventCountry "DEN"]

1. e4 Nf6 2. e5 Nd5 3. d4 d6 4. c4 Nb6 5. f4 dxe5 6. fxe5 Nc6 7. Be3 Bf5 8. Nc3
e6 9. Nf3 Be7 10. Be2 O-O 11. O-O f6 12. Nh4 fxe5 13. Nxf5 exf5 14. d5 Nb8 15.
Qb3 N8d7 16. d6 cxd6 17. c5+ Kh8 18. cxb6 Nxb6 19. Bxb6 Qxb6+ 20. Qxb6 axb6 21.
Nd5 Bg5 22. Rf3 Ra5 23. Nxb6 e4 24. Rb3 d5 25. Kf2 Rd8 26. g3 d4 27. Nc4 Rc5
28. h4 Bh6 29. Bf1 b5 30. Na3 d3 31. Rxb5 Rxb5 32. Nxb5 Bd2 33. Rd1 e3+ 34. Kf3
h6 35. Na3 g5 36. Bxd3 Rxd3 37. Ke2 Rd4 38. hxg5 hxg5 39. Nb1 Rg4 40. Nxd2 exd2
41. Rxd2 Rxg3 42. a4 Rb3 43. a5 Rb5 44. a6 Kg7 45. a7 Ra5 46. Rd7+ Kf6 47. b4
Ra2+ 48. Kd3 Ke6 49. Rh7 Kd5 50. Rd7+ Kc6 51. Rf7 Kb6 52. Rxf5 Rxa7 53. Rxg5
Rc7 54. Rd5 Rc8 55. Kd4 Rc7 56. Rc5 Rxc5 57. bxc5+ Kc6 58. Kc4 Kc7 59. Kd5 Kd7
60. c6+ Kc7 61. Kc5 Kc8 62. Kd6 Kd8 63. Ke6 Kc7 64. Ke7 Kxc6 1/2-1/2

[Event "DM 2021 Basis G7"]
[Site "Svendborg"]
[Date "2021.10.21"]
[Round "4.5"]
[White "Gottschalck, Christian"]
[Black "Hansen, Erik"]
[Result "1/2-1/2"]
[WhiteElo "1673"]
[BlackElo "1775"]
[PlyCount "87"]
[EventDate "2021.10.18"]
[EventType "swiss"]
[EventRounds "7"]
[EventCountry "DEN"]

1. e4 c5 2. Nf3 Nc6 3. d4 cxd4 4. Nxd4 e5 5. Nb5 a6 6. Nd6+ Bxd6 7. Qxd6 Qe7 8.
Qa3 Nf6 9. f3 h6 10. Be3 d6 11. Nc3 Be6 12. O-O-O Rd8 13. Nd5 Bxd5 14. exd5 Nb8
15. Bb6 Rc8 16. Kb1 O-O 17. c4 Nfd7 18. Bf2 b6 19. Qb3 Nc5 20. Bxc5 bxc5 21.
Bd3 Nd7 22. Bc2 Rb8 23. Qd3 e4 24. Qxe4 Qxe4 25. Bxe4 Rb4 26. b3 Rfb8 27. Kc2
a5 28. Kc3 a4 29. Bc2 a3 30. Rhe1 Kf8 31. Re3 Nf6 32. Rde1 R4b7 33. g4 g5 34.
h4 Kg7 35. hxg5 hxg5 36. Re7 Nd7 37. Bf5 Ne5 38. Rxb7 Rxb7 39. Be4 Re7 40. Kd2
Kf6 41. Re3 Rb7 42. Kc3 Kg7 43. Re1 Re7 44. Kd2 1/2-1/2

[Event "DM 2021 Basis G7"]
[Site "Svendborg"]
[Date "2021.10.21"]
[Round "4.6"]
[White "Skarved, Mattias"]
[Black "Christensen, Michael Leon"]
[Result "0-1"]
[WhiteElo "1437"]
[BlackElo "1698"]
[PlyCount "88"]
[EventDate "2021.10.18"]
[EventType "swiss"]
[EventRounds "7"]
[EventCountry "DEN"]

1. e4 c5 2. Nf3 Nc6 3. d4 cxd4 4. Nxd4 Nf6 5. Nc3 g6 6. Nxc6 dxc6 7. Qxd8+ Kxd8
8. Bg5 h6 9. O-O-O+ Ke8 10. Bf4 Ng4 11. Rd2 Bg7 12. Na4 Be5 13. Bxe5 Nxe5 14.
h3 f6 15. f4 Nd7 16. Be2 b5 17. Nc3 Nc5 18. Rhd1 Be6 19. b4 Nb7 20. a3 Nd6 21.
Rxd6 exd6 22. Rxd6 Ke7 23. Rxc6 Bd7 24. Nd5+ Kd8 25. Rd6 a6 26. Nxf6 Ke7 27. e5
Be6 28. Ne4 Rhd8 29. g4 Rxd6 30. Nxd6 Rf8 31. c4 bxc4 32. Nxc4 Bxc4 33. Bxc4
Rc8 34. Kd2 Rxc4 35. f5 gxf5 36. gxf5 Rh4 37. Ke3 Rxh3+ 38. Kd4 Rxa3 39. Kd5
Rd3+ 40. Ke4 Rb3 41. Kd5 Rxb4 42. f6+ Kf7 43. Kd6 Rb6+ 44. Kc5 Re6 0-1